[Event "EU-ch U08 28th"]
[Site "Riga"]
[Date "2018.08.21"]
[Round "2"]
[White "Hasanli, Ziya"]
[Black "Torok Brandusan, Darius"]
[Result "1/2-1/2"]
[WhiteElo "1188"]
[BlackElo "1417"]
[PlyCount "143"]
[EventDate "2018.08.20"]
[EventType "swiss"]
[EventRounds "9"]
[EventCountry "LAT"]
[SourceTitle "CBM 186 Extra"]
[Source "ChessBase"]
[SourceDate "2018.08.24"]
[SourceVersion "1"]
[SourceVersionDate "2018.08.24"]
[SourceQuality "1"]

1. d4 d5 2. c4 c6 3. Nf3 Nf6 4. Nc3 dxc4 5. a4 Bg4 6. e3 e6 7. Bxc4 Bb4 8. 0-0 Qc7 9. h3 Bh5 10. Be2 0-0 11. Bd2 Bxc3 12. Bxc3 Nd5 13. e4 Nxc3 14. bxc3 Nd7 15. Nd2 Bxe2 16. Qxe2 Nf6 17. e5 Nd5 18. c4 Ne7 19. Ne4 Nf5 20. Rfd1 Rfd8 21. Qb2 Qd7 22. Nc5 Qc7 23. g4 Ne7 24. Qxb7 Qxb7 25. Nxb7 Rdb8 26. Rab1 h6 27. Nc5 Ng6 28. Na6 Rxb1 29. Rxb1 Nf4 30. Kh2 Ne2 31. Rd1 Rd8 32. Nb4 Nxd4 33. Kg2 c5 34. Nc2 Nc6 35. Rxd8+ Nxd8 36. f4 Nc6 37. Kf3 Kf8 38. Ke4 Ke7 39. Na3 a6 40. Nc2 Na5 41. Ne3 f6 42. f5 Nc6 43. exf6+ gxf6 44. fxe6 Kxe6 45. Nd5 Ne5 46. Ne3 Nf7 47. h4 Ne5 48. Kf4 Ng6+ 49. Kg3 Ke5 50. Nf5 Ke4 51. h5 Nh8 52. Nd6+ Kd3 53. Kf3 Kc3 54. Ke3 Kb4 55. Kd3 Kxa4 56. Kc3 Ka5 57. Ne4 Kb6 58. Nxf6 Nf7 59. Ng8 Kc6 60. Nf6 Ne5 61. Kb3 a5 62. Ka4 Kb6 63. Nd5+ Kb7 64. Kb5 Nxg4 65. Ne7 Nf6 66. Kxa5 Nxh5 67. Nf5 Kc6 68. Nxh6 Ng7 69. Ng4 Nf5 70. Ne5+ Kd6 71. Nd3 Ne3 72. Kb5 1/2-1/2